[Event "Madrid ch 2023-2024 Final"]
[Site "Madrid ESP"]
[Date "2024.05.30"]
[Round "6.12"]
[White "Pashov, Spas Nikolov"]
[Black "Martin Martin, Luis Vicente"]
[Result "0-1"]
[WhiteElo "1893"]
[BlackElo "1953"]
[PlyCount "124"]
[EventDate "2024.05.25"]
[EventType "swiss"]
[EventRounds "7"]
[SourceTitle "Ajedrez en Madrid"]
[Source "lmi"]
[SourceDate "2024.05.25"]
[SourceVersion "1"]
[SourceVersionDate "2024.06.01"]
[SourceQuality "1"]

1. e4 c6 2. d4 d5 3. exd5 cxd5 4. Bd3 g6 5. c3 Bg7 6. Bg5 Nf6 7. Bxf6 Bxf6 8.
Nf3 O-O 9. O-O Nc6 10. Re1 Qb6 11. Qb3 Qxb3 12. axb3 a6 13. b4 Bd7 14. Nbd2
Rfe8 15. Nb3 Na7 16. Ne5 Bxe5 17. dxe5 Bb5 18. Rad1 Bxd3 19. Rxd3 e6 20. Nd4
Rec8 21. Ra1 Rab8 22. b5 Nxb5 23. Nxb5 axb5 24. Kf1 b4 25. Ke2 bxc3 26. Rxc3
Rxc3 27. bxc3 Rc8 28. Kd3 g5 29. Ra4 Kg7 30. Rb4 Rc7 31. Rg4 h6 32. h4 f5 33.
exf6+ Kxf6 34. hxg5+ hxg5 35. Rb4 Ke5 36. f3 Kf5 37. Rb6 Kf6 38. Rb4 Rh7 39. g4
Rd7 40. Ke3 Rc7 41. Kd3 Kf7 42. Rb1 Ke8 43. Rh1 Rg7 44. Kd4 Kd7 45. Ke5 Rf7 46.
Rb1 Rxf3 47. Rxb7+ Kc6 48. Re7 Re3+ 49. Kf6 Kd6 50. Re8 Rf3+ 51. Kxg5 Rxc3 52.
Kf4 Rc4+ 53. Kf3 Ke5 54. Rf8 Rc3+ 55. Kf2 Ke4 56. g5 Rc7 57. Kg3 d4 58. Rf4+
Kd5 59. g6 Rg7 60. Rg4 e5 61. Kf3 Ke6 62. Rg1 Kf5 0-1

[Event "Madrid ch 2023-2024 Final"]
[Site "Madrid ESP"]
[Date "2024.05.30"]
[Round "6.13"]
[White "Calderon Rojo, Borja"]
[Black "Vukotic Jovsic, Dragan"]
[Result "1-0"]
[WhiteElo "1876"]
[BlackElo "1849"]
[PlyCount "81"]
[EventDate "2024.05.25"]
[EventType "swiss"]
[EventRounds "7"]
[SourceTitle "Ajedrez en Madrid"]
[Source "lmi"]
[SourceDate "2024.05.25"]
[SourceVersion "1"]
[SourceVersionDate "2024.06.01"]
[SourceQuality "1"]

1. e4 c5 2. Nc3 Nc6 3. Bb5 Nd4 4. Nf3 a6 5. Bd3 b5 6. Nxd4 cxd4 7. Ne2 e5 8.
O-O Nf6 9. c3 dxc3 10. bxc3 Bb7 11. Ng3 h5 12. Qe2 Bc5 13. Bc2 Ng4 14. Qf3 Qh4
15. h3 g6 16. Bb2 Rc8 17. Bb3 f5 18. d4 Bb6 19. Bd5 Bxd5 20. exd5 O-O 21. hxg4
hxg4 22. Qd3 Kg7 23. Rfe1 f4 24. Rxe5 Bc7 25. Ba3 Bxe5 26. Bxf8+ Rxf8 27. dxe5
Rh8 28. e6 fxg3 29. Qd4+ Kg8 30. fxg3 Qh1+ 31. Kf2 Qxa1 32. exd7 Qb2+ 33. Ke3
Qc1+ 34. Ke2 Qg5 35. Qe4 Kh7 36. d6 Qd8 37. Qe7+ Kh6 38. Kd3 Rf8 39. Qe3+ Kh5
40. Qe7 Qa8 41. Qh4# 1-0

[Event "Madrid ch 2023-2024 Final"]
[Site "Madrid ESP"]
[Date "2024.05.31"]
[Round "7.2"]
[White "Moreno Ruiz, Javier"]
[Black "Lianes Garcia, Marcos"]
[Result "1/2-1/2"]
[WhiteElo "2399"]
[BlackElo "2416"]
[PlyCount "41"]
[EventDate "2024.05.25"]
[EventType "swiss"]
[EventRounds "7"]
[SourceTitle "Ajedrez en Madrid"]
[Source "lmi"]
[SourceDate "2024.05.25"]
[SourceVersion "1"]
[SourceVersionDate "2024.06.01"]
[SourceQuality "1"]

1. d4 d5 2. c4 e6 3. Nc3 c5 4. cxd5 exd5 5. Nf3 Nf6 6. g3 Nc6 7. Bg2 Be7 8. O-O
O-O 9. dxc5 Bxc5 10. a3 a5 11. Bg5 d4 12. Bxf6 Qxf6 13. Nd5 Qd8 14. Nd2 Be6 15.
Nf4 Bf5 16. Rc1 Bd6 17. Nd3 Rc8 18. Qb3 Qe7 19. Nc4 Be6 20. Rfe1 Nb4 21. Qd1
1/2-1/2

[Event "Madrid ch 2023-2024 Final"]
[Site "Madrid ESP"]
[Date "2024.05.31"]
[Round "7.3"]
[White "Suarez Uriel, Adrian"]
[Black "Alfaya Marcelo, Roberto"]
[Result "1-0"]
[WhiteElo "2401"]
[BlackElo "2265"]
[PlyCount "95"]
[EventDate "2024.05.25"]
[EventType "swiss"]
[EventRounds "7"]
[SourceTitle "Ajedrez en Madrid"]
[Source "lmi"]
[SourceDate "2024.05.25"]
[SourceVersion "1"]
[SourceVersionDate "2024.06.01"]
[SourceQuality "1"]

1. e4 c5 2. Nf3 e6 3. d4 cxd4 4. Nxd4 Nc6 5. Nc3 Qc7 6. f4 a6 7. Nxc6 Qxc6 8.
Bd3 b5 9. Qe2 Bb7 10. Bd2 Bc5 11. O-O-O Ne7 12. a3 O-O 13. h4 f5 14. Rh3 d5 15.
exd5 exd5 16. Rg3 Rae8 17. Nxb5 d4 18. Qe5 Ng6 19. Rxg6 hxg6 20. Nxd4 Rxe5 21.
Nxc6 Ree8 22. Ne5 Rd8 23. Bb4 Be3+ 24. Kb1 Rfe8 25. Ba5 Rc8 26. g3 Be4 27. Nxg6
Bf2 28. Bb4 Bxg3 29. Ne7+ Rxe7 30. Bxe7 Bxf4 31. Bxe4 fxe4 32. Rf1 Bd2 33. Bg5
Bxg5 34. hxg5 Rc5 35. g6 Rg5 36. Rf4 Rxg6 37. Rxe4 Rc6 38. c4 Kf7 39. b4 g5 40.
b5 axb5 41. cxb5 Rb6 42. a4 Kf6 43. Rb4 Kf5 44. a5 Rb8 45. a6 g4 46. a7 Rg8 47.
b6 g3 48. Rb2 1-0

[Event "Madrid ch 2023-2024 Final"]
[Site "Madrid ESP"]
[Date "2024.05.31"]
[Round "7.4"]
[White "Horcajuelo Rocamora, Martin"]
[Black "Rios Rebollo, Victor"]
[Result "1/2-1/2"]
[WhiteElo "2242"]
[BlackElo "2039"]
[PlyCount "175"]
[EventDate "2024.05.25"]
[EventType "swiss"]
[EventRounds "7"]
[SourceTitle "Ajedrez en Madrid"]
[Source "lmi"]
[SourceDate "2024.05.25"]
[SourceVersion "1"]
[SourceVersionDate "2024.06.01"]
[SourceQuality "1"]

1. d4 d5 2. c4 e6 3. Nf3 Nf6 4. Nc3 Be7 5. g3 O-O 6. Bg2 dxc4 7. Ne5 Qd6 8. O-O
Rd8 9. Bf4 Qa6 10. a4 c6 11. Rc1 Nbd7 12. Nxc4 Qxc4 13. Nd5 exd5 14. Rxc4 dxc4
15. Bc7 Re8 16. e4 Nf8 17. d5 Bd8 18. Bxd8 Rxd8 19. d6 Bg4 20. Qc2 Ne8 21. e5
Be6 22. f4 g6 23. h3 h5 24. Qe2 f5 25. Qe3 Ng7 26. a5 a6 27. Ra1 Re8 28. Ra4
Rad8 29. Rb4 Bc8 30. h4 Rxd6 31. Qe2 Rd3 32. Rxc4 Red8 33. Rc1 Nfe6 34. Kh1 Ne8
35. b4 N8c7 36. Qf2 Nd5 37. Bf1 Nxb4 38. Qb2 R3d4 39. Qb3 Nd3 40. Rc3 Nf2+ 41.
Kg2 Rd2 42. Rc2 Ne4+ 43. Rxd2 Nxd2 44. Qb4 Nxf1 45. Kxf1 Kf7 46. Ke2 Nd4+ 47.
Kf2 Ne6 48. Ke2 Rd5 49. Qb6 Ke7 50. Ke3 Kd7 51. Qb4 Ke8 52. Qb6 Rd7 53. Qb3 Kf7
54. Qb4 Rd1 55. Ke2 Rd8 56. Ke3 Nc7 57. Qc5 Rd5 58. Qb6 Nb5 59. Kf2 Ke8 60. Ke3
Rd1 61. Qc5 Be6 62. Ke2 Rd5 63. Qb6 Rd7 64. Qc5 Kf7 65. Ke3 Bd5 66. Kf2 Nc7 67.
Qa7 Ne6 68. Qb8 c5 69. Qh8 Ng7 70. Ke3 Bc6 71. Qh7 c4 72. e6+ Kxe6 73. Qxg6+
Kd5 74. Qf6 Kc5 75. Qb2 Bb5 76. Qa3+ Kc6 77. Qf8 Rd3+ 78. Kf2 Rd7 79. Ke3 Rd3+
80. Kf2 Ne6 81. Qxf5 Nc5 82. Qc8+ Kd5 83. Qf5+ Kd6 84. Qf8+ Kc6 85. Qc8+ Kd6
86. Qf8+ Kc6 87. Qc8+ Kd5 88. Qf5+ 1/2-1/2

[Event "Madrid ch 2023-2024 Final"]
[Site "Madrid ESP"]
[Date "2024.05.31"]
[Round "7.6"]
[White "Martinez Fernandez, Raul"]
[Black "Rey Martinez, Jaime"]
[Result "1/2-1/2"]
[WhiteElo "2181"]
[BlackElo "2313"]
[PlyCount "64"]
[EventDate "2024.05.25"]
[EventType "swiss"]
[EventRounds "7"]
[SourceTitle "Ajedrez en Madrid"]
[Source "lmi"]
[SourceDate "2024.05.25"]
[SourceVersion "1"]
[SourceVersionDate "2024.06.01"]
[SourceQuality "1"]

1. e4 c5 2. Nf3 d6 3. d4 cxd4 4. Nxd4 Nf6 5. Nc3 a6 6. h3 e5 7. Nde2 h5 8. g3
Be6 9. Bg2 b5 10. a4 b4 11. Nd5 Bxd5 12. exd5 Nbd7 13. O-O Be7 14. a5 Rb8 15.
Qd3 Rb5 16. Bd2 O-O 17. c4 bxc3 18. Bxc3 Nc5 19. Qc2 Nb3 20. Ra3 Qb8 21. Rd1
Rc8 22. Nc1 Nxa5 23. Bf1 Nc4 24. Rxa6 Nxb2 25. Re1 Nc4 26. Qa2 Rbc5 27. Nd3
Rxd5 28. Rb1 Rb5 29. Rxb5 Qxb5 30. Nb2 d5 31. Bxe5 Ne4 32. Ra8 Qe8 1/2-1/2

[Event "Madrid ch 2023-2024 Final"]
[Site "Madrid ESP"]
[Date "2024.05.31"]
[Round "7.7"]
[White "Bravo De La Vega, Alvaro"]
[Black "Perez Diez, Victor"]
[Result "1/2-1/2"]
[WhiteElo "2027"]
[BlackElo "2012"]
[PlyCount "76"]
[EventDate "2024.05.25"]
[EventType "swiss"]
[EventRounds "7"]
[SourceTitle "Ajedrez en Madrid"]
[Source "lmi"]
[SourceDate "2024.05.25"]
[SourceVersion "1"]
[SourceVersionDate "2024.06.01"]
[SourceQuality "1"]

1. d4 d5 2. c4 c6 3. Nc3 Nf6 4. e3 e6 5. Nf3 Nbd7 6. Qc2 Bd6 7. Bd3 dxc4 8.
Bxc4 e5 9. O-O O-O 10. dxe5 Nxe5 11. Nxe5 Bxe5 12. e4 Qe7 13. Bd3 h6 14. f4
Bd4+ 15. Kh1 Ng4 16. Rf3 Nxh2 17. Kxh2 Qh4+ 18. Rh3 Bxh3 19. gxh3 Qe1 20. Qg2
Rad8 21. Ne2 Be3 22. Bc2 Bxc1 23. Rxc1 Qd2 24. Rg1 g6 25. Bb3 Kh8 26. e5 Qe3
27. Bxf7 Rd2 28. Bc4 Rxf4 29. Qxg6 Rf2+ 30. Rg2 Qxe5+ 31. Kg1 Rxg2+ 32. Kxg2
Rxe2+ 33. Bxe2 Qxe2+ 34. Kg3 Qe3+ 35. Kh4 Qf4+ 36. Kh5 Qf3+ 37. Kh4 Qf4+ 38.
Kh5 Qf3+ 1/2-1/2

[Event "Madrid ch 2023-2024 Final"]
[Site "Madrid ESP"]
[Date "2024.05.31"]
[Round "7.8"]
[White "Blazquez Sanz, Oscar"]
[Black "Torres Rebolledo, Victor"]
[Result "0-1"]
[WhiteElo "1965"]
[BlackElo "2214"]
[PlyCount "70"]
[EventDate "2024.05.25"]
[EventType "swiss"]
[EventRounds "7"]
[SourceTitle "Ajedrez en Madrid"]
[Source "lmi"]
[SourceDate "2024.05.25"]
[SourceVersion "1"]
[SourceVersionDate "2024.06.01"]
[SourceQuality "1"]

1. e4 c6 2. c4 e5 3. Nf3 d6 4. Nc3 Nf6 5. d4 Nbd7 6. Be2 Be7 7. O-O O-O 8. h3
Re8 9. Be3 Bf8 10. Qc2 a6 11. Rfd1 Qc7 12. a4 a5 13. d5 Nc5 14. Bxc5 dxc5 15.
Nh2 Rd8 16. Bg4 Nxg4 17. hxg4 Be7 18. Rd3 Ra6 19. Ra3 Rb6 20. Rb3 Rb4 21. Rxb4
cxb4 22. Nd1 cxd5 23. exd5 e4 24. Rh3 Rxd5 25. Nc3 Qxc4 26. b3 Qc6 27. Qxe4
Rd1+ 28. Nf1 Qxe4 29. Nxe4 Bxg4 30. Re3 Be6 31. f4 g6 32. Kf2 Kg7 33. Nh2 Rb1
34. f5 Rb2+ 35. Ke1 Bxf5 0-1

[Event "Madrid ch 2023-2024 Final"]
[Site "Madrid ESP"]
[Date "2024.05.31"]
[Round "7.9"]
[White "Gutierrez Diaz, Pablo"]
[Black "Martin Rodriguez, Emilio"]
[Result "0-1"]
[WhiteElo "1994"]
[BlackElo "2037"]
[PlyCount "70"]
[EventDate "2024.05.25"]
[EventType "swiss"]
[EventRounds "7"]
[SourceTitle "Ajedrez en Madrid"]
[Source "lmi"]
[SourceDate "2024.05.25"]
[SourceVersion "1"]
[SourceVersionDate "2024.06.01"]
[SourceQuality "1"]

1. e4 c6 2. Nc3 d5 3. Nf3 Nf6 4. e5 Ne4 5. d3 Nxc3 6. bxc3 c5 7. Be2 Nc6 8. O-O
Bg4 9. Ng5 Bxe2 10. Qxe2 e6 11. f4 Be7 12. Nh3 g6 13. a4 Qc7 14. Bd2 h6 15.
Rab1 Kd7 16. Rfd1 Rab8 17. Nf2 b6 18. Qg4 Rbg8 19. a5 g5 20. axb6 axb6 21. Qh5
gxf4 22. Bxf4 Rg6 23. Ng4 Rhg8 24. Nxh6 Rh8 25. Rf1 Bf8 26. Bg5 Ke8 27. Rf6
Bxh6 28. Rxg6 fxg6 29. Qh3 Ne7 30. Bf6 Bg7 31. Qxe6 Bxf6 32. Qxf6 Rh5 33. Ra1
Rxe5 34. Qh8+ Kd7 35. d4 Rh5 0-1

[Event "Madrid ch 2023-2024 Final"]
[Site "Madrid ESP"]
[Date "2024.05.31"]
[Round "7.10"]
[White "Pavon Mestras, Luis"]
[Black "Cardena Contreras, Javier"]
[Result "1/2-1/2"]
[WhiteElo "1885"]
[BlackElo "1885"]
[PlyCount "134"]
[EventDate "2024.05.25"]
[EventType "swiss"]
[EventRounds "7"]
[SourceTitle "Ajedrez en Madrid"]
[Source "lmi"]
[SourceDate "2024.05.25"]
[SourceVersion "1"]
[SourceVersionDate "2024.06.01"]
[SourceQuality "1"]

1. c4 e6 2. Nc3 d5 3. cxd5 exd5 4. d4 Nf6 5. Bg5 c6 6. Qc2 Be7 7. e3 O-O 8. Bd3
h6 9. Bh4 Nh5 10. Bxe7 Qxe7 11. Nge2 Re8 12. h3 b6 13. g4 Nf6 14. Ng3 c5 15.
O-O-O c4 16. Bf5 Nc6 17. h4 Bxf5 18. Nxf5 Qe6 19. Qe2 Nb4 20. Qf3 Nd3+ 21. Kc2
Ne4 22. Nxe4 dxe4 23. Qg3 c3 24. b3 Nb4+ 25. Kxc3 Nxa2+ 26. Kb2 Nb4 27. Rd2
Nd3+ 28. Ka2 Qc8 29. Qd6 Qc3 30. Rhd1 Nc1+ 31. Kb1 Qxb3+ 32. Ka1 Qc3+ 33. Kb1
Nb3 34. Rb2 a5 35. Qd5 a4 36. Nd6 a3 37. Qxb3 Qxb2+ 38. Qxb2 axb2 39. Rd2 Ra1+
40. Kxb2 Rea8 41. Nxe4 g6 42. Kc3 f5 43. gxf5 gxf5 44. Ng3 Rc8+ 45. Kd3 Ra5 46.
Rb2 Rc6 47. Nh5 Kf7 48. Nf4 Rd6 49. h5 Kf6 50. Kc4 Kg5 51. Kc3 Kg4 52. Kc4 Ra4+
53. Kd3 Raxd4+ 54. exd4 Kxf4 55. Rb1 Kg4 56. Rh1 Kf3 57. Rg1 Kxf2 58. Rg6 Rd7
59. Rf6 Rd5 60. Rxb6 f4 61. Rxh6 f3 62. Ke4 Rg5 63. Rf6 Rg4+ 64. Ke5 Rg5+ 65.
Ke4 Rg4+ 66. Kd3 Kg2 67. Ke3 Rg8 1/2-1/2

[Event "Madrid ch 2023-2024 Final"]
[Site "Madrid ESP"]
[Date "2024.05.31"]
[Round "7.11"]
[White "Lopez de Turiso, Jose Angel"]
[Black "De Vicente Guijarro, Juan"]
[Result "1-0"]
[WhiteElo "1943"]
[BlackElo "1872"]
[PlyCount "59"]
[EventDate "2024.05.25"]
[EventType "swiss"]
[EventRounds "7"]
[SourceTitle "Ajedrez en Madrid"]
[Source "lmi"]
[SourceDate "2024.05.25"]
[SourceVersion "1"]
[SourceVersionDate "2024.06.01"]
[SourceQuality "1"]

1. c4 e5 2. Nc3 Nf6 3. Nf3 Nc6 4. e3 Bb4 5. Qc2 Bxc3 6. Qxc3 Qe7 7. a3 a5 8. b4
axb4 9. axb4 Rxa1 10. Qxa1 e4 11. b5 Nb4 12. Nd4 c5 13. bxc6 dxc6 14. Qa4 O-O
15. Ba3 c5 16. Bxb4 cxb4 17. Be2 Ng4 18. Bxg4 Bxg4 19. O-O Qg5 20. Kh1 Bc8 21.
Qxb4 f5 22. Qc5 Qf6 23. f3 Qh4 24. Qd5+ Rf7 25. Nb5 Qe7 26. Nd4 exf3 27. gxf3
g5 28. Ra1 Kg7 29. Ra8 Rf8 30. Rxc8 1-0